| 000 | 01306nam0a2200361 4500 | ||
|---|---|---|---|
| 001 | RU\NLR\bibl\1468804 | ||
| 005 | 20250616001328.0 | ||
| 010 |
_a978-5-295-04861-6 _96300 |
||
| 021 |
_aRU _b2009-99733 _96333 |
||
| 035 | _a(nilc)RSL-KNO-004479621 | ||
| 035 | _a(NLR Aleph) 001460516 | ||
| 090 |
_a1580365 _c1580365 |
||
| 100 | _a20091210d2009 |||y0rusy50 ca | ||
| 101 | 0 | _arus | |
| 102 | _aRU | ||
| 105 | _aa zzzz||||| | ||
| 200 | 1 |
_aИсторическая этнография башкирского народа _fР. Г. Кузеев |
|
| 205 | _aИзд. 2-е | ||
| 210 |
_aУфа _cКИТАП _d2009 _eУфа _gУфимский полиграфический комбинат |
||
| 215 |
_a291, [1] с. _cил. _d22 |
||
| 320 | _aБиблиогр. в подстроч. прим. | ||
| 606 | 1 |
_aБашкиры _xЭтнографические исследования _91117313 _3RU\NLR\auth\66122499 |
|
| 686 |
_aТ51(23)419.9башкиры,02 _2rubbk |
||
| 686 |
_aТ52(235=Б)-31,02 _2rubbk |
||
| 686 | _aТ51(235=Б) | ||
| 700 | 1 |
_aКузеев _bР. Г. _f1929-2005 _gРаиль Гумерович _4070 |
|
| 801 | 0 |
_aRU _bRuMoRGB _c20091210 _grcr |
|
| 801 | 1 |
_aRU _bRuMoRGB _c20091210 |
|
| 801 | 2 |
_aRU _bNLR _c20100204 _grcr |
|
| 942 | _cBOOK | ||
| 980 | _aNB | ||
| 980 | _aNBR | ||